A tribute to Emil grosswald : number theory and related analysis

Αποθηκεύτηκε σε:
Λεπτομέρειες βιβλιογραφικής εγγραφής
Άλλοι συγγραφείς: Knopp, Marvin (Επιμελητής έκδοσης), Sheingorn, Mark 1944- (Επιμελητής έκδοσης), Grosswald, Emily
Μορφή: Βιβλίο
Γλώσσα:English
Δημοσίευση: Providence, Rhode island : American Mathematical Society, c1993
Σειρά:Contemporary mathematics (American Mathematical Society) ; ; 143
Θέματα:
Ετικέτες: Προσθήκη ετικέτας
Δεν υπάρχουν, Καταχωρήστε ετικέτα πρώτοι!

MARC

LEADER 00000nam a2200000 i 4500
001 1/90278
008 990922s1993 eng d
020 |a 0821851551 
035 |l 10053039 
040 |a GR-MY-UA  |b gre  |e aacr 
041 0 |a eng 
082 0 |a 512.7 
245 1 2 |a A tribute to Emil grosswald :  |b number theory and related analysis /  |c Marvin Knopp, Mark Sheingorn, editors 
260 |a Providence, Rhode island :   |b American Mathematical Society,   |c c1993 
300 |a viii, 612 p.;  |b ill.;  |c 26 cm. 
490 1 |a Contemporary mathematics  |v ; 143 
650 0 0 |a Number theory. 
650 0 0 |a Combinatorial analysis. 
700 1 |a Knopp, Marvin.  |4 edt 
700 1 |a Sheingorn, Mark  |d 1944-  |4 edt 
700 1 |a Grosswald, Emily. 
830 0 |a Contemporary mathematics (American Mathematical Society) ;  |v ; 143 
852 |a INST  |b SAMOS  |e 19990922  |h 512.7 TRI  |p 005300012219  |q 005300012219  |t BK  |y 0 
901 |a BIBL3-1999-3 
909 |a Σ  |b 063463 
922 |a 3ΕΛΗ  |b 199907  |c ΕΠΕΑΕΚ/ΜΑΘ  |d ΠΑΠΑΣΩΤΗΡΙΟΥ 
970 |a ΓΕΝΟΥΖΟΥ  |b ΧΡΥΣΑΝΘΗ  |z 1999/09/22